| 000 | 00990nam a2200289 a 4500 | ||
|---|---|---|---|
| 001 | 58177 | ||
| 003 | CO-BoRNBP | ||
| 005 | 20250820141425.0 | ||
| 007 | ta | ||
| 008 | 960630s1992 ck a 0 j spa | ||
| 020 | _a9580413878 | ||
| 040 |
_aCO-BoBN _bspa _cCO-BoBN |
||
| 082 | 0 | 4 |
_a843.91 _223 |
| 100 | 1 |
_aClavel, Bernard, _d1923- _962611 |
|
| 245 | 1 | 0 |
_aLeyendas del mar / _cBernard Clavel ; traducción de Luz Amorocho ; ilustraciones de Patricia Rodríguez |
| 250 | _a1a. edición | ||
| 300 |
_a207 p. : _bil. ; _c19 cm |
||
| 336 |
_2rdacontent _atexto _btxt |
||
| 337 |
_2rdamedia _asin mediación _bn |
||
| 338 |
_2rdacarrier _avolumen _bnc |
||
| 521 | _aPara niños a partir de los 12 años | ||
| 650 | 1 | 4 |
_aCuentos infantiles franceses _ySiglo XX _2LEMB _91783 |
| 700 | 1 |
_aAmorocho, Luz, _d1922-2019 _etraductor _962612 |
|
| 700 | 1 |
_aRodríguez, Patricia, _eilustrador _962613 |
|
| 942 |
_2ddc _cBK |
||
| 949 |
_a808.0683 C51L _mD.SAMPER _tLIBRO _lDEWEY _kDEWEY _xDEP/LEGAL _zGENERAL _rY _sY |
||
| 999 |
_c58177 _d58177 |
||